000
00283nam a22001337a 4500
008
170419b xxu||||| |||| 00| 0 eng d
020
_a
9780072418828
041
_a
eng
080
_2
8 ED
_a
573
100
_a
11
101
_a
SHM
245
_a
BIOLOGY
_c
MADER.S.S
942
_2
udc
_c
BK
999
_c
11291
_d
11291